00977naa#a2200169#i#4500001002300000005001700023011001400040100004100054102000700095200023800102210016900340215001000509608004500519675020300564700002600767856001400793RU\INFRA-M\bibl\11407520260603112913.3##a2500-0500##a20260303b2026####ek#y0rusy0150####ca##aRU1#aОрганизация и проведение полевых этноязыковых исследований в сёлах и малых городах Севера (на примере Югры)eЖурнальная статья1#aМоскваcОбщество с ограниченной ответственностью «Научно-издательский центр ИНФРА-М»d2026##a4 с.##aЖурнальная статья2local##aДемография. Социология. Статистика. 31aТеория, методология и методы общественных наук в целом. Социография. 30#1aТкачукgН. В.4#azh-szf.ru